000
00212nam a22000857a 4500
008
170606b xxu||||| |||| 00| 0 eng d
100
_9
3284
_a
Roy. A
245
_a
Rainbow
260
_a
New Delhi
_b
National Book Trust
_c
2004
999
_c
6601
_d
6601